Multimedia Computing [e resource : question paper] : (SEE) BE Sixth sem, May 10 PESIT Autonomous (CS 374) (Record no. 211828)

MARC details
000 -LEADER
fixed length control field 00447nam a2200121Ia 4500
008 - FIXED-LENGTH DATA ELEMENTS--GENERAL INFORMATION
fixed length control field 231221s9999 xx 000 0 und d
041 ## - LANGUAGE CODE
Language code of text/sound track or separate title English
082 ## - DEWEY DECIMAL CLASSIFICATION NUMBER
Classification number QPCSUG10-3401
245 #0 - TITLE STATEMENT
Title Multimedia Computing [e resource : question paper] : (SEE) BE Sixth sem, May 10 PESIT Autonomous (CS 374)
260 ## - PUBLICATION, DISTRIBUTION, ETC.
Date of publication, distribution, etc. 2010/05
Name of publisher, distributor, etc. PESIT
Place of publication, distribution, etc. Bangalore
650 ## - SUBJECT ADDED ENTRY--TOPICAL TERM
Topical term or geographic name entry element Multimedia,Computing,[e,paper],(SEE),BE,Sixth,sem,,May,10,PESIT,Autonomous,(CS,374)
942 ## - ADDED ENTRY ELEMENTS (KOHA)
Koha item type Digital Library
Holdings
Date last seen Total checkouts Full call number Accession number Uniform resource identifier Price effective from Category Lost status Damaged status Department Withdrawn status Home library Current library Shelving location Entry date Grants Billdate Currency symbol Conversion rate Discount Old discount
26/01/2024   QPCSUG10-3401 DL3401 digital/qp/dl3401.pdf 26/01/2024 Digital Library     Central Library   Central Library Central Library Central Library   CS 25/02/2014 RS 1    

© For any Suggestions or Query, please contact the library staff @ librarian@pes.edu or Phone: +9180 2672 1983/ 2108.